<?xml version="1.0" encoding="UTF-8"?>
<record
    xmlns:xsi="http://www.w3.org/2001/XMLSchema-instance"
    xsi:schemaLocation="http://www.loc.gov/MARC21/slim http://www.loc.gov/standards/marcxml/schema/MARC21slim.xsd"
    xmlns="http://www.loc.gov/MARC21/slim">

  <leader>02046nam a22003377a 4500</leader>
  <controlfield tag="003">DO-SdBNP</controlfield>
  <controlfield tag="005">20240528191003.0</controlfield>
  <controlfield tag="007">ta</controlfield>
  <controlfield tag="008">210913e2006       a|||| |||| 001 0 spa d</controlfield>
  <datafield tag="040" ind1=" " ind2=" ">
    <subfield code="a">DO-SdBNP</subfield>
    <subfield code="b">spa</subfield>
    <subfield code="c">BNPHU</subfield>
  </datafield>
  <datafield tag="082" ind1=" " ind2="4">
    <subfield code="a">339.46 </subfield>
    <subfield code="b">I43s, 2006 </subfield>
    <subfield code="2">22</subfield>
  </datafield>
  <datafield tag="245" ind1="0" ind2="0">
    <subfield code="a">Informe sobre la pobreza en la Rep&#xFA;blica Dominicana : </subfield>
    <subfield code="b">logrando un crecimiento econ&#xF3;mico que beneficie a los pobres .</subfield>
  </datafield>
  <datafield tag="246" ind1="0" ind2="0">
    <subfield code="a">Dominican Republic poverty assessment : achieving more pro-poor growth </subfield>
    <subfield code="i">Espa&#xF1;ol</subfield>
  </datafield>
  <datafield tag="260" ind1=" " ind2=" ">
    <subfield code="a">Santo Domingo :</subfield>
    <subfield code="b">Banco Mundial : Banco Interamericano de Desarrollo,</subfield>
    <subfield code="c">2006.</subfield>
  </datafield>
  <datafield tag="300" ind1=" " ind2=" ">
    <subfield code="a">310 p.: </subfield>
    <subfield code="b">il.;</subfield>
    <subfield code="c">28 cm.</subfield>
  </datafield>
  <datafield tag="500" ind1=" " ind2=" ">
    <subfield code="a">Documento del Banco Mundial y del Banco Interamericano de Desarrollo.</subfield>
  </datafield>
  <datafield tag="500" ind1=" " ind2=" ">
    <subfield code="a">Incluye &#xED;ndice de contenido.</subfield>
  </datafield>
  <datafield tag="500" ind1=" " ind2=" ">
    <subfield code="a">Incluye anexos.</subfield>
  </datafield>
  <datafield tag="501" ind1=" " ind2=" ">
    <subfield code="a">Con foto de la portada: "De Guachupita al Cielo", Oleo sobre tela 1979. 24 x 24.
Autor; Gilberto Hern&#xE1;ndez Ortega.
Colecci&#xF3;n Museo Bellapart Rep. Dom.</subfield>
  </datafield>
  <datafield tag="505" ind1="0" ind2=" ">
    <subfield code="a">Resumen Ejecutivo.</subfield>
    <subfield code="t">Introducci&#xF3;n --</subfield>
    <subfield code="t">1. Crecimiento  econ&#xF3;mico, pobreza y desiguadad -- </subfield>
    <subfield code="t">2. Factores determinantes de la pobreza y la desigualdad --</subfield>
    <subfield code="t">3. Oportunidades de empleo en mercados laborales urbano y rural --</subfield>
    <subfield code="t">4. Rendimiento por encima del esperado y resultados insuficientes en educaci&#xF3;n --</subfield>
    <subfield code="t">5. Asistencia social, Pobreza y Equidad --                                                                                                                                 

</subfield>
    <subfield code="t">6. Impacto Distributivo de la Reforma Fiscal  ( Del ITBIS) --</subfield>
    <subfield code="t">Bibliograf&#xED;a --</subfield>
  </datafield>
  <datafield tag="590" ind1=" " ind2=" ">
    <subfield code="a">Inventariado, 2021 / SA</subfield>
  </datafield>
  <datafield tag="650" ind1="4" ind2=" ">
    <subfield code="9">2079</subfield>
    <subfield code="a">Pobreza</subfield>
    <subfield code="z">Rep&#xFA;blica Dominicana</subfield>
  </datafield>
  <datafield tag="651" ind1=" " ind2="4">
    <subfield code="a">Rep&#xFA;blica Dominicana</subfield>
    <subfield code="x">Condiciones econ&#xF3;micas</subfield>
    <subfield code="y">1961-</subfield>
    <subfield code="9">7344</subfield>
  </datafield>
  <datafield tag="651" ind1=" " ind2="4">
    <subfield code="a">Rep&#xFA;blica Dominicana</subfield>
    <subfield code="x">Condiciones econ&#xF3;micas </subfield>
    <subfield code="9">281</subfield>
  </datafield>
  <datafield tag="651" ind1=" " ind2="4">
    <subfield code="a">Rep&#xFA;blica Dominicana</subfield>
    <subfield code="x">Pol&#xED;tica econ&#xF3;mica </subfield>
    <subfield code="9">643</subfield>
  </datafield>
  <datafield tag="710" ind1="2" ind2=" ">
    <subfield code="a">Banco Mundial</subfield>
    <subfield code="9">32071</subfield>
  </datafield>
  <datafield tag="710" ind1="2" ind2=" ">
    <subfield code="a">Banco Mundial </subfield>
    <subfield code="9">32071</subfield>
  </datafield>
  <datafield tag="710" ind1="2" ind2=" ">
    <subfield code="a">Banco Interamericano de Desarrollo</subfield>
    <subfield code="9">9655</subfield>
  </datafield>
  <datafield tag="910" ind1=" " ind2=" ">
    <subfield code="a">Saquino /Validado. Control de calidad MFF</subfield>
  </datafield>
  <datafield tag="942" ind1=" " ind2=" ">
    <subfield code="2">ddc</subfield>
    <subfield code="c">LBS1</subfield>
  </datafield>
  <datafield tag="952" ind1=" " ind2=" ">
    <subfield code="0">0</subfield>
    <subfield code="1">0</subfield>
    <subfield code="2">ddc</subfield>
    <subfield code="5">3</subfield>
    <subfield code="7">0</subfield>
    <subfield code="8">PD</subfield>
    <subfield code="a">BNPHU</subfield>
    <subfield code="b">BNPHU</subfield>
    <subfield code="c">HD</subfield>
    <subfield code="d">2018-07-04</subfield>
    <subfield code="e">Donado</subfield>
    <subfield code="o">BNPHU PD 339.46  I43s 2006</subfield>
    <subfield code="p">2021-26422</subfield>
    <subfield code="r">2021-09-13</subfield>
    <subfield code="w">2021-09-13</subfield>
    <subfield code="y">LBS1</subfield>
  </datafield>
  <datafield tag="952" ind1=" " ind2=" ">
    <subfield code="0">0</subfield>
    <subfield code="1">0</subfield>
    <subfield code="2">ddc</subfield>
    <subfield code="5">3</subfield>
    <subfield code="7">0</subfield>
    <subfield code="8">PD</subfield>
    <subfield code="a">BNPHU</subfield>
    <subfield code="b">BNPHU</subfield>
    <subfield code="c">HD</subfield>
    <subfield code="d">2018-07-02</subfield>
    <subfield code="e">Donado</subfield>
    <subfield code="o">BNPHU PD 339.46  I43s 2006</subfield>
    <subfield code="p">2021-26423</subfield>
    <subfield code="r">2021-09-13</subfield>
    <subfield code="t">e.2</subfield>
    <subfield code="w">2021-09-13</subfield>
    <subfield code="y">LBS1</subfield>
  </datafield>
  <datafield tag="952" ind1=" " ind2=" ">
    <subfield code="0">0</subfield>
    <subfield code="1">0</subfield>
    <subfield code="2">ddc</subfield>
    <subfield code="5">6</subfield>
    <subfield code="7">0</subfield>
    <subfield code="8">DS</subfield>
    <subfield code="a">BNPHU</subfield>
    <subfield code="b">BNPHU</subfield>
    <subfield code="c">HD</subfield>
    <subfield code="d">2022-04-25</subfield>
    <subfield code="e">Donado </subfield>
    <subfield code="o">BNPHU DS 339.46  I43s 2006 </subfield>
    <subfield code="p">2021-26424</subfield>
    <subfield code="r">2022-04-25</subfield>
    <subfield code="t">e.3</subfield>
    <subfield code="w">2022-04-25</subfield>
    <subfield code="y">LBS1</subfield>
  </datafield>
  <datafield tag="952" ind1=" " ind2=" ">
    <subfield code="0">0</subfield>
    <subfield code="1">0</subfield>
    <subfield code="2">ddc</subfield>
    <subfield code="5">6</subfield>
    <subfield code="7">0</subfield>
    <subfield code="8">DS</subfield>
    <subfield code="a">BNPHU</subfield>
    <subfield code="b">BNPHU</subfield>
    <subfield code="c">HD</subfield>
    <subfield code="d">0000-00-00</subfield>
    <subfield code="e">Donativo</subfield>
    <subfield code="o">BNPHU DS 339.46  I43s 2006 </subfield>
    <subfield code="p">2022-2626</subfield>
    <subfield code="r">2022-06-02</subfield>
    <subfield code="t">e.4</subfield>
    <subfield code="w">2022-06-02</subfield>
    <subfield code="y">LBS1</subfield>
  </datafield>
  <datafield tag="952" ind1=" " ind2=" ">
    <subfield code="0">0</subfield>
    <subfield code="1">0</subfield>
    <subfield code="2">ddc</subfield>
    <subfield code="5">6</subfield>
    <subfield code="7">0</subfield>
    <subfield code="8">DS</subfield>
    <subfield code="a">BNPHU</subfield>
    <subfield code="b">BNPHU</subfield>
    <subfield code="c">HD</subfield>
    <subfield code="d">0000-00-00</subfield>
    <subfield code="e">Donativo</subfield>
    <subfield code="o">BNPHU DS 339.46  I43s 2006 </subfield>
    <subfield code="p">2022-2627</subfield>
    <subfield code="r">2022-06-02</subfield>
    <subfield code="t">e.5</subfield>
    <subfield code="w">2022-06-02</subfield>
    <subfield code="y">LBS1</subfield>
  </datafield>
  <datafield tag="999" ind1=" " ind2=" ">
    <subfield code="c">50481</subfield>
    <subfield code="d">50481</subfield>
  </datafield>
</record>
